| 000 | 00543nam a22001817a 4500 | ||
|---|---|---|---|
| 005 | 20161206110938.0 | ||
| 010 | _aENG-116263 | ||
| 020 |
_a9788129124258 _c250.00 |
||
| 035 | _aEN-99795 | ||
| 037 | _bDBAD/PUB | ||
| 082 | _aN | ||
| 100 | _a Roy,Devapriya | ||
| 245 |
_a Weight loss club : _cby Devapriya Roy _bthe curious experiments of Nancy Housing cooperative / |
||
| 260 |
_c2016 _aNew Delhi _bRupa Publications |
||
| 270 |
_a7/16 Ansari Road,Daryaganj _bNew Delhi _e110002 |
||
| 300 |
_c20cm(pbk) _a297p |
||
| 942 |
_cEN _2ddc _hN _mROY |
||
| 999 |
_c104110 _d104110 |
||